LEADER 00919nam0 2200241 450 001 000023065 005 20090217105402.0 100 $a20090217d1965----km-y0itay50------ba 101 0 $aeng 102 $aNL 105 $aaf------001yy 200 1 $aStellar and solar magnetic fields$eInternational astronomical union symposium no. 22, held in Rottach-Egern near Munich, Germany, 3-10 September 1963$fedited by R. Lust 210 $aAmsterdam$cNorth-Holland publishing company$d1965 215 $a460 p., [22] c. di tav.$cill.$d23 cm 500 10$aStellar and solar magnetic fields$946173 676 $a523$v21$9Specifici corpi e fenomeni celestii 702 1$aLust,$bR. 710 02$aInternational astronomical union$0292972 801 0$aIT$bUNIPARTHENOPE$c200900217$gRICA$2UNIMARC 912 $a000023065 951 $aS 523/8$bS 463$cDSA$d2009 996 $aStellar and solar magnetic fields$946173 997 $aUNIPARTHENOPE